| Tag |
First Indicator |
Second Indicator |
Subfields |
| LEADER |
00000cam a2200000 a 4500 |
| 001 |
in00000036228 |
| 005 |
20151007055417.0 |
| 008 |
871019s1988 nyua b 00100 eng c |
| 010 |
|
|
|a 87029482
|
| 020 |
|
|
|a 0471836281
|
| 035 |
|
|
|a (OCoLC)16925259
|
| 035 |
|
|
|9 AAB8172AM
|
| 040 |
|
|
|a DNLM/DLC
|c DLC
|d TXA
|d UtOrBLW
|
| 049 |
|
|
|a TXAM
|c [A11074344]
|
| 050 |
0 |
0 |
|a RJ47.5
|b .H37 1988
|
| 060 |
|
0 |
|a WS 105 H2353
|
| 082 |
0 |
|
|a 155.4
|2 19
|
| 245 |
0 |
0 |
|a Handbook of child health assessment :
|b biopsychosocial perspectives /
|c edited by Paul Karoly.
|
| 264 |
|
1 |
|a New York :
|b Wiley,
|c [1988]
|
| 264 |
|
4 |
|c ©1988
|
| 300 |
|
|
|a xvii, 677 pages :
|b illustrations ;
|c 26 cm.
|
| 336 |
|
|
|a text
|b txt
|2 rdacontent
|
| 337 |
|
|
|a unmediated
|b n
|2 rdamedia
|
| 338 |
|
|
|a volume
|b nc
|2 rdacarrier
|
| 490 |
1 |
|
|a Wiley series on health psychology/behavioral medicine
|
| 500 |
|
|
|a "A Wiley-Interscience publication."
|
| 504 |
|
|
|a Includes bibliographies and indexes.
|
| 650 |
|
0 |
|a Pediatrics
|x Psychological aspects.
|
| 650 |
|
0 |
|a Clinical health psychology.
|
| 650 |
|
0 |
|a Children
|x Diseases
|x Diagnosis
|x Psychological aspects.
|
| 650 |
|
0 |
|a Behavioral assessment of children.
|
| 700 |
1 |
|
|a Karoly, Paul.
|
| 830 |
|
0 |
|a Wiley series on health psychology/behavioral medicine.
|
| 999 |
|
|
|a MARS
|
| 999 |
f |
f |
|s 5381426a-9883-3816-aafd-fa442a8e761e
|i 107d2299-9b58-3a7c-935f-1f02bc810e34
|t 0
|
| 952 |
f |
f |
|p ric
|a Texas A&M University
|b Rellis Campus
|c Joint Library Facility
|d Remote Storage
|t 0
|e RJ47.5 .H37 1988
|h Library of Congress classification
|i unmediated -- volume
|m A14811074344
|
| 998 |
f |
f |
|a RJ47.5 .H37 1988
|t 0
|l Remote Storage
|